000 00273nam a2200109Ia 4500
005 20251222114356.0
008 251222s1900||||xx |||||||||||||| ||spa||
082 _aDVD0040/S75.1/1981
245 0 _aIndiana Jones: En busca del arca perdida
264 _bLucasfilm
942 _cDVD
999 _c1448
_d1448